04064nam a22003137a 45000010005000000030006000050050017000110080041000280200018000690400029000870500009001160820010001251000022001352450227001572600043003843000050004274900041004775050008005185201874005265200974024005210029033745210020034036500097034236500046035207000029035669420015035959990015036109520125036259211FISKH20251202124224.0251202b cb ||||| |||| 00| 0 eng d a9789996301124 aFISKHbkhrcFISKHdFISKH aPZ7  a398.2 aSotheary , Kimsun aប្រពន្ធខ្ញុំខ្មោច : bMy wives are ghosts / cនិពន្ធដោយ គឹមស៊ុន សុធារី , វិចិត្រកររូបភាពដោយ ថៃ សាន aPhnom Penh : bReading Books , c2010. a24 pages : bcolor illustrations ; c25 cm .  aពិភពរឿងនិទាន aK  aមានប្តីប្រពន្ធក្រីក្រទើបរៀបការថ្មីៗ ។ ថ្ងៃមួយប្រពន្ធក៏ទៅខ្ចីលុយគេដើម្បីអោយប្តីទៅធ្វើការនៅស្រុកឆ្ងាយ ។ ដោយចាញ់កលគេប្តីត្រូវអស់លុយពីខ្លួន គាត់ពិបាកចិត្តពេកក៏ទៅលោតទឹកសម្លាប់ខ្លួន តែបានខ្មោចស្រីជួយសង្គ្រោះ ។ ពួកគេក៏បានរស់នៅជាមួយគ្នារហូតបានកូនមួយ ។ បុរសនោះក៏នឹកឃើញប្រពន្ធនៅឯស្រុកប្រមូលទ្រព្យសម្បត្តិនិងកូនមករស់នៅស្រុកវិញ ។ ថ្លែងពីប្រពន្ធនៅស្រុកដោយសារតែបាត់ប្តីយូរ ហើយផ្ទះរបស់នាងត្រូវបានគេរឹបអូស ធ្វើអោយនាងឈឺចាប់រហូតដល់ស្លាប់​ ។​ ពេលប្តីមកដល់ប្តីក៏ដឹងថាប្រពន្ធស្លាប់គាត់ក៏រត់ចោលនាង ហើយក៏ទៅរកប្រពន្ធនៅក្នុងព្រៃវិញ ។ បុរសនោះក៏បានជួបនឹងតាបស គាត់បានប្រាប់គ្រប់យ៉ាងទៅបុរសនោះ ។ គាត់មានការសោកស្តាយជាខ្មាំងក៏សុំនៅបម្រើលោកតាដើម្បីសាងអំពើល្អទៅជាតិក្រោយ ។  aPoor husband and wife had just gotten married. One day, the wife went to borrow money so that her husband could travel far away to find work. Because he was deceived by others, the husband lost all his money. Feeling deeply distressed, he jumped into the water to end his life, but a female spirit saved him. The two of them then lived together and eventually had a child. The man later remembered his wife back in their village and decided to gather his belongings and his child to return home. As for his wife in the village, because her husband had been gone for so long and their house was seized by others, she suffered greatly and eventually died. When the husband arrived, he learned that his wife had passed away. Terrified, he ran away from her and went back to the spirit woman in the forest. The man then met a hermit, who told him everything. Overcome with grief and remorse, he asked to stay and serve the hermit to accumulate good deeds for his next life.8 a520 bLexile estimate 8 aK bRaz-Plus  aប្រពន្ធខ្ញុំខ្មោចvរឿងនិទានកុមារ aMy wives are ghosts vChildren's Stories  aSan, Thai eIllustrator  2ddccBKn0 c9211d9211 00102ddc40708KHMERNFa002b002cTTP Khmerd2025-12-02l0oSOT 398.2 p2025-5002r2025-12-02 12:42:20w2025-12-02yBK